000 00293nam a2200121Ia 4500
008 190216s9999||||xx |||||||||||||| ||und||
100 _aAlberto Moravia
245 4 _aThe Women Of Rome
260 _bPenguin Books
_c1976
300 _a170
650 _aEnglish Novel-English Novel
942 _cBK
999 _c12678
_d12678